Salud, salud reproductiva y mujer /

Guardat en:
Dades bibliogràfiques
Autor principal: Santizo G, Roberto
Format: Text
Matèries:
Etiquetes: Afegir etiqueta
Sense etiquetes, Sigues el primer a etiquetar aquest registre!

MARC

LEADER 00000 a a2200000 04500
001 18529
003
040
100 |a Santizo G, Roberto  
245 |a Salud, salud reproductiva y mujer /  |c Roberto Santizo G 
650 |a SALUD  
650 |a MUJERES  
650 |a DERECHOS HUMANOS  
650 |a CRECIMIENTO DEMOGRAFICO  
650 |a REPRODUCCION  
773 |g número 27; páginas 73-80  
999 |c 26636  |d 26636